Metodi delle scienze sociali (I) (Record n. 66694)
[ formato base ]
| 000 -LEADER | |
|---|---|
| fixed length control field | 01387nam a2200325Ia 4500 |
| 001 - CONTROL NUMBER | |
| control field | 9872 |
| 003 - CONTROL NUMBER IDENTIFIER | |
| control field | IT-RoPAU |
| 008 - FIXED-LENGTH DATA ELEMENTS--GENERAL INFORMATION | |
| fixed length control field | 130308s9999 xx 000 0 und d |
| 040 ## - CATALOGING SOURCE | |
| Original cataloging agency | IT-RoPAU |
| 040 ## - CATALOGING SOURCE | |
| Transcribing agency | IT-RoPAU |
| 041 ## - LANGUAGE CODE | |
| Language code of text/sound track or separate title | ITALIANO |
| 999 ## - SYSTEM CONTROL NUMBERS (KOHA) | |
| Koha Dewey Subclass [OBSOLETE] | SI |
| 100 ## - MAIN ENTRY--PERSONAL NAME | |
| Personal name | Duverger Maurice |
| 100 ## - MAIN ENTRY--PERSONAL NAME | |
| Miscellaneous information | Codice Aut. SPICS: 7033 |
| 240 ## - UNIFORM TITLE | |
| Uniform title | METHODES DES SCIENCES SOCIALES |
| 240 ## - UNIFORM TITLE | |
| Miscellaneous information | Codice Tit. Orig. Spics: T1044 |
| 245 ## - TITLE STATEMENT | |
| Title | Metodi delle scienze sociali (I) |
| 245 ## - TITLE STATEMENT | |
| Remainder of title | Metodi delle Scienze Sociali (I) |
| 250 ## - EDITION STATEMENT | |
| Edition statement | 2a ed. |
| 260 ## - PUBLICATION, DISTRIBUTION, ETC. (IMPRINT) | |
| Place of publication, distribution, etc. | MILANO |
| 260 ## - PUBLICATION, DISTRIBUTION, ETC. (IMPRINT) | |
| Name of publisher, distributor, etc. | Etas Libri/Kompass |
| 260 ## - PUBLICATION, DISTRIBUTION, ETC. (IMPRINT) | |
| Date of publication, distribution, etc. | 1969 [1° Ed.:1963 - Ed.Ling.Originale:1961] |
| 300 ## - PHYSICAL DESCRIPTION | |
| Extent | "502 p. (prefazione: no ; testo: 502)" |
| 500 ## - GENERAL NOTE | |
| General note | Concetto di Scienza Sociale Diverse Scienze Sociali Tecniche di Osservazione Osservazione Documentaria varie Categorie di Documenti Metodi di Analisi dei Documenti Tecnica di Analisi Osservazione Diretta Estensiva campionamento Metodi di Interrogazione Risultati delle Inchieste Osservazione Diretta Intensiva interviste test e Valutazione degli Atteggiamenti Osservazione partecipazione Analisi Sistematica Elementi dell'Analisi Sistematica Quadri concettuali della Ricerca Sprimentazione Metodo Comparativo Tecniche Matematiche e Grafiche |
| 650 ## - SUBJECT ADDED ENTRY--TOPICAL TERM | |
| Topical term or geographic name as entry element | SOCIOLOGIA |
| 650 ## - SUBJECT ADDED ENTRY--TOPICAL TERM | |
| Relator term | Codice materia Spics: 3651 |
| 942 ## - ADDED ENTRY ELEMENTS (KOHA) | |
| Koha item type | LIBRO |
| 957 ## - | |
| -- | 1 |
| 999 ## - SYSTEM CONTROL NUMBERS (KOHA) | |
| -- | 1 |
| Withdrawn status | Lost status | Damaged status | Not for loan | Home library | Current library | Date acquired | Total Checkouts | Full call number | Date last seen | Price effective from | Koha item type | Public note |
|---|---|---|---|---|---|---|---|---|---|---|---|---|
| Buone Condizioni | Not For Loan | SPICS-MEDIATECA | SPICS-MEDIATECA | 08/03/2013 | 9872 | 08/03/2013 | 08/03/2013 | LIBRO | Progressivo inserimento: 9323 / N. Volumi: 1 Copie: 1 Copia Rara: SI / data import: 1 marzo 2013 - By Epidotti, Trombetti, Vaglietti. |